National initiatives to improve healtcare outcomes: a comparative study of health delivery systems in Slovakia and the United States

Na minha lista:
Detalhes bibliográficos
Autor principal: Curtis, Robert
Outros Autores: Čaplánová, Anetta, 1967-, Novák, Marcel, 1979-
Formato: Capítulo de Livro
Idioma:inglês
Tags: Adicionar Tag
Sem tags, seja o primeiro a adicionar uma tag!

MARC

LEADER 00000nla a2200000 4500
001 0184749
005 20240502073152.7
041 0 |a eng 
044 |a SK 
245 1 0 |a National initiatives to improve healtcare outcomes: a comparative study of health delivery systems in Slovakia and the United States  |c Robert Curtis, Anetta Čaplánová, Marcel Novák 
500 |a Abstrakt 
100 1 |a Curtis, Robert 
700 1 |a Čaplánová, Anetta, 1967- 
700 1 |a Novák, Marcel, 1979-